000 00735nam a2200229 a 4500
001 64774
003 BD-RjUL
005 20211209081341.0
008 170222s1956 b ||||| |||| 00| 0 eng d
035 _a(BD-RjUL)64904
040 _aBD-RjUL
_beng
_cBD-RjUL
_dBD-RjUL
041 _aeng
082 _223
_a954.72
_bAHE 1956
100 _aAhmad, Szed Nur
_9192067
245 1 0 _aEast Pakistan as it is now & some of its urgent needs & requirements /
_cSzed Nur Ahmad
260 _aChittagong :
_bCooperative Book,
_c1956
300 _aiv, 143 p, ;
_c17 cm.
650 _aPakistan -- Social conditions.
_9192068
650 _a Pakistan -- Economic conditions.
_9192069
650 _aEconomic history.
_9172944
942 _2ddc
_cBK
999 _c64774
_d64774